BIBLIOTECA

SENCICO

Diseño de vigas de concreto preforzado (Registro nro. 1033)

Detalles MARC
000 -LEADER
fixed length control field 01034nam a2200313Ia 4500
005 - DATE AND TIME OF LATEST TRANSACTION
control field 20251020182457.0
008 - FIXED-LENGTH DATA ELEMENTS--GENERAL INFORMATION
fixed length control field 200515s9999 xx 000 0 und d
020 ## - INTERNATIONAL STANDARD BOOK NUMBER
International Standard Book Number 968-464-009-9
082 ## - DEWEY DECIMAL CLASSIFICATION NUMBER
Classification number 624.072.2/B81
100 ## - MAIN ENTRY--PERSONAL NAME
Personal name Branson, Dan E.
245 #0 - TITLE STATEMENT
Title Diseño de vigas de concreto preforzado
250 ## - EDITION STATEMENT
Edition statement 1a ed.
260 ## - PUBLICATION, DISTRIBUTION, ETC.
Place of publication, distribution, etc. México, D.F.
260 ## - PUBLICATION, DISTRIBUTION, ETC.
Name of publisher, distributor, etc. Instituto Mexicano del Cemento y del Concreto
260 ## - PUBLICATION, DISTRIBUTION, ETC.
Date of publication, distribution, etc. 1981
300 ## - PHYSICAL DESCRIPTION
Extent 111 p.
300 ## - PHYSICAL DESCRIPTION
Other physical details il., graf.
490 ## - SERIES STATEMENT
Series statement serie concreto estructural IMCYC
500 ## - GENERAL NOTE
General note 1 ejemplar
520 ## - SUMMARY, ETC.
Summary, etc. Aplicación en una forma concisa y práctica del análisis y del diseño de elementos de concreto presforzado compuestas y no compuestas. Los temas a tratar son: Los elementos pretensados y postensados, el análisis elástico por flexión de los elementos no agr
650 ## - SUBJECT ADDED ENTRY--TOPICAL TERM
Topical term or geographic name entry element CONCRETO
650 ## - SUBJECT ADDED ENTRY--TOPICAL TERM
Topical term or geographic name entry element CONCRETO
650 ## - SUBJECT ADDED ENTRY--TOPICAL TERM
Topical term or geographic name entry element CONCRETO PRESFORZADO
650 ## - SUBJECT ADDED ENTRY--TOPICAL TERM
Topical term or geographic name entry element DISEÑO DE VIGAS
650 ## - SUBJECT ADDED ENTRY--TOPICAL TERM
Topical term or geographic name entry element PUB IMCYC
650 ## - SUBJECT ADDED ENTRY--TOPICAL TERM
Topical term or geographic name entry element VIGAS
942 ## - ADDED ENTRY ELEMENTS (KOHA)
Koha item type Libros
Existencias
Fecha de la última vez que lo usaron Pago total Signatura topográfica completa Código de barras Precio efectivo desde Tipo de documento Estado perdido Estado dañado No es para préstamo Retirado Ubicación permanente Ubicación actual Fecha de adquisición
15/05/2020   624.072.2/B81 Bib-Lima15051033 15/05/2020 Libros         Biblioteca Central Lima Biblioteca Central Lima 15/05/2020